| 000 | 00561nam a22002057a 4500 | ||
|---|---|---|---|
| 003 | 0 | ||
| 005 | 20251111141709.0 | ||
| 008 | 251111b xxu||||| |||| 00| 0 eng d | ||
| 020 | _a978-1-4165-2453-3 | ||
| 050 |
_aPS 3559.L47 _b.I54 2007 |
||
| 100 |
_aIles, Greg, _eauthor. |
||
| 245 |
_aTrue evil / _cGreg Iles. |
||
| 260 |
_aNew York, NY : _bPocket Books, _c2007. |
||
| 300 |
_a640 pages ; _c19 cm. |
||
| 650 | _aSuspense fiction. | ||
| 650 |
_aMurder _xFiction. |
||
| 650 |
_aConspiracies _xFiction. |
||
| 650 | _aPsychological fiction. | ||
| 942 |
_2lcc _cBK |
||
| 999 |
_c368579 _d368579 |
||